Pick the Correct Movie Quote III Quiz Stats

 Plays Quiz Updated Jun 15, 2017

Support Sporcle.
Go Orange.
Score 0/16 Timer 05:00
0 Plays Today
Question Answer Wrong Answers
Which is the correct quote from Star Wars? May the Force be with you.
95.7%
May the 4th be with you.
0.3%
May the Farce be with you.
1.3%
The Force, with you may it be.
0.4%
Which is the correct quote from Apollo 13? Houston, we have a problem.
95.4%
NASA, we have a problem.
1.5%
Greg, we have a problem.
0.3%
Oh $#@&!!!
0.3%
Which is the correct quote from The Shining? Here's Johnny!
94.4%
Here's Jack!
1.9%
Here's Wendy!
0.4%
Here's Danny!
0.7%
Which is the correct quote from Jerry Maguire? You had me at 'hello.'
94.4%
You had me at 'sup?'
0.5%
You had me at 'Jello.'
2.2%
You had me at 'yolo.'
0.4%
Which is the correct quote from Taxi Driver? You talking to me? You talking to me?
93.5%
Excuse me, did you say something?
1%
Are you talking in my general direction?
0.7%
You talking to her? Or are you talking to me?
2.2%
Which is the correct quote from Top Gun? I feel the need - the need for speed!
92.1%
I feel the speed - that's what I need!
1.1%
I feel the need - the speed need!
3.9%
I speed knead - need kneed… speed!
0.3%
Which is the correct quote from Apocalypse Now? I love the smell of napalm in the morning.
91.7%
I love the smell of napalm in the mid-afternoon.
1%
I love the smell of napalm in the evening.
3.6%
I love the smell of palm oil in the evening.
1%
Which is the correct quote from Citizen Kane? Rosebud.
91.2%
Rosespud.
1.4%
Nosebud.
1.2%
Redrum.
3.4%
Which is the correct quote from Love Story? Love means never having to say you're sorry.
87.5%
Love means you'll be sorry. Trust me.
1.9%
Love means you never have to say you're really sorry.
5%
Yes, dear.
2.7%
Which is the correct quote from Sudden Impact? Go ahead, make my day.
87.1%
Go on then, make my day.
4.7%
Go ahead, marcramé.
0.7%
Go ahead, and make my day.
4.6%
Which is the correct quote from The Maltese Falcon? The stuff that dreams are made of.
86.9%
The stuff what dreams are made of.
7.8%
The stuff wet dreams are made of.
1.5%
The stuff that cream is made of.
0.8%
Which is the correct quote from Midnight Cowboy? I'm walking here! I'm walking here!
79.7%
I'm talking here! I'm talking here!
15.2%
I'm knocking here! I'm knocking here!
1.3%
I'm gawking here! I'm gawking here!
0.9%
Which is the correct quote from The Godfather? I'm gonna make him an offer he can't refuse.
70.8%
I am going to make him an offer he cannot refuse.
10.3%
I made him an offer he couldn't refuse.
16.1%
I'm gonna make him awful. Smell like refuse.
0.3%
Which is the correct quote from Sunset Boulevard? All right, Mr. DeMille, I'm ready for my close-up.
62%
Okay, Mr. DeVille, I'm ready for my close-up.
29.9%
All right, Mrs. Danill, I'm ready to close up shop.
1.6%
That's close enough, Mr. DeVille.
3.5%
Which is the correct quote from Cool Hand Luke? What we've got here is failure to communicate.
47.2%
What we have here, people, is a failure to communicate.
45.7%
We have a failure to communicate here, folks.
3.2%
What we have got here is covfefe.
1%
Which is the correct quote from On the Waterfront? I coulda had class. I coulda been a contender.
42.8%
I shoulda gone to class. I coulda been a bartender.
2.9%
I coulda been a contender. I coulda had class.
40.8%
I could have been a contender. I could have had some class.
10.6%

You're not logged in!

Compare scores with friends on all Sporcle quizzes.
OR
Log In
Forgot?

From the Vault

Countries - A,P,R,I,L,F,O,O,L,S

by needapausebutton

Even countries know how to get in the April Fool's spirit.
Remove Ads.
Support Sporcle.
Get the best of Sporcle when you Go Orange. This ad-free experience offers more features, more stats, and more fun while also helping to support Sporcle. Thank you for becoming a member.

Show Comments

Extras

Top Quizzes Today


Score Distribution

Your Account Isn't Verified!

In order to create a playlist on Sporcle, you need to verify the email address you used during registration. Go to your Sporcle Settings to finish the process.

Report this User

Report this user for behavior that violates our Community Guidelines.

Details: